| 000 | 00718nam a2200169 a 4500 | ||
|---|---|---|---|
| 001 | 000049029 | ||
| 005 | 20250701121838.0 | ||
| 008 | 110706s2007 dr 000 | spa d | ||
| 040 |
_aDO-SdBNP _bspa _cBNPHU |
||
| 082 |
_axxxx _bR426r |
||
| 110 | 1 |
_aRepública Dominicana. _bSecretaría de Estado de Educación Superior, Ciencia y Tecnología _918778 |
|
| 245 | 1 | 0 |
_aReglamento de instituciones y programas de educación superior a distancia / _cpresentación Ligia Amada Melo de Cardona. |
| 260 |
_aSanto Domingo : _bSecretaría de Estado de Educación Superior, Ciencia y Tecnología, _c2007. |
||
| 300 |
_a53 p. ; _c22 cm. |
||
| 590 | _aInventariado, 2019/VM | ||
| 700 | 1 | 2 |
_aMelo de Cardona, Ligia Amada, _epresent. _927174 |
| 999 |
_c48517 _d48517 |
||